000 00665nam a2200241Ia 4500
003 OSt
005 20221007082242.0
006 a|||||r|||| 00| 0
007 ta
008 221006b |||||||| |||| 00| 0 eng d
024 _a17,002
037 _cReports / Technical Reports
040 _aFLL
_cFLL
_beng
041 _2eng
_aeng
082 _aY111:45:ZSN55, J9
110 _aGovt. of india
245 0 _aReport on delinquent children and juvenile offenders in india 1955
260 _c1959
300 _a114p
_ccm.
700 _aGovt. of india
942 _hY111:45:ZSN55, J9
_cREP
_2CC
999 _c1165829
_d1165829